Powiaty województwa lwowskiego II RP z mapą - Statystyki

Ogólne statystyki
  • Ten quiz został rozwiązany 23 razy
  • Średni wynik to 17 z 28
Odpowiedzi na mapie
Odpowiedzi zakodowano w zielono-czerwonej skali na mapie do tego quizu, zgodnie z poniższymi procentami.
 
Statystyki odpowiedzi
Powiat % Poprawnych
miasto {Lwów}
100%
lwowski
94%
rzeszowski
94%
przemyski
88%
jarosławski
81%
krośnieński
81%
łańcucki
75%
tarnobrzeski
75%
brzozowski
69%
lubaczowski
69%
przeworski
69%
samborski
69%
sanocki
69%
liski (od 1931 leski)
63%
niżański
63%
kolbuszowski
56%
strzyżowski
56%
drohobycki
50%
rawski
50%
gródecki
44%
mościski
44%
żółkiewski
44%
dobromilski
38%
bóbrecki
31%
jaworowski
31%
rudecki
31%
sokalski
25%
starosamborski
6%
Nie znaleziono quizów pasujących do podanych kryteriów
Rozkład punktacji
Procent ludzi z każdym wynikiem
Percentyl według liczby udzielonych odpowiedzi
Twoja historia wyników
Nie rozwiązałeś tego quizu